000 00435nam a22001457a 4500
008 250915b |||||||| |||| 00| 0 eng d
020 _a9781412935548
050 _aHM132
_b.H36
100 _aHamiton David L
245 _aSocial cognition understanding people and events
260 _aLondon
_bSage publication ltd
_c2021
300 _ax,662p.
_bill.
650 _aSocial cognition for textbook for undergraduate students
942 _cBK
999 _c4490
_d4490